| 000 | 01001cam a2200265 a 4500 | ||
|---|---|---|---|
| 001 | 3033838 | ||
| 005 | 20250207180101.0 | ||
| 008 | 950824s1996 enka b 001 0 eng | ||
| 020 | _a0521401003 | ||
| 020 | _a0521409403 (pbk.) | ||
| 020 | _a9780521409407 | ||
| 050 | 0 | 0 |
_aHC53 _b.I53 1996 |
| 082 | 0 | 0 |
_a940.2/8 _220 |
| 245 | 0 | 4 |
_aThe industrial revolution in national context : _bEurope and the USA / _cedited by Mikuláš Teich and Roy Porter. |
| 260 |
_aCambridge, [England] ; _aNew York : _bCambridge University Press, _c1996. |
||
| 300 |
_axxv, 413 p. : _bill. ; _c24 cm. |
||
| 650 | 0 |
_aEconomic history _y1750-1918. |
|
| 650 | 0 |
_aIndustrial revolution _zEurope. |
|
| 650 | 0 |
_aIndustrial revolution _zUnited States. |
|
| 700 | 1 | _aTeich, Mikuláš. | |
| 700 | 1 |
_aPorter, Roy, _d1946-2002. |
|
| 856 | 4 | 2 |
_3Publisher description _uhttp://www.loc.gov/catdir/description/cam027/95025377.html |
| 856 | 4 | 1 |
_3Table of contents _uhttp://www.loc.gov/catdir/toc/cam021/95025377.html |
| 942 |
_2lcc _cBK _n0 |
||
| 999 |
_c3584 _d3584 |
||